书目信息 |
| 题名: |
体育史话
|
|
| 作者: | 崔乐泉 著 | |
| 分册: | ||
| 出版信息: | 北京 中国大百科全书出版社 2003.01 |
|
| 页数: | 192页 | |
| 开本: | 19cm | |
| 丛书名: | 中华文明史话 | |
| 单 册: | ||
| 中图分类: | G812.92 , G812.9 | |
| 科图分类: | 39.9042 | |
| 主题词: | 体育运动史--ti yu yun dong shi--中国--古代--史料 | |
| 电子资源: | ||
| ISBN: | 7-5000-6338-5 | |
| 000 | 00977nam 2200349 45 | |
| 001 | 073000000388 | |
| 005 | 20090918092817.03 | |
| 010 | @a7-5000-6338-5@dCNY14.96 | |
| 099 | @aCAL 012001174277 | |
| 100 | @a20050117d2003 em y0chiy0121 ea | |
| 101 | 0 | @achi |
| 102 | @aCN@b110000 | |
| 105 | @af z 000yy | |
| 200 | 1 | @a体育史话@Ati yu shi hua@f崔乐泉著 |
| 210 | @a北京@c中国大百科全书出版社@d2003.01 | |
| 215 | @a192页@c插图@d19cm | |
| 225 | 2 | @a中华文明史话@Azhong hua wen ming shi hua |
| 300 | @a本丛书列入“九五”国家重点图书规划 | |
| 410 | 0 | @12001 @a中华文明史话 |
| 606 | 0 | @a体育运动史@Ati yu yun dong shi@y中国@z古代@x史料 |
| 690 | @aG812.92@v3 | |
| 690 | @aG812.9@v4 | |
| 692 | @a39.9042@v2 | |
| 701 | 0 | @a崔乐泉@Acui yue quan@4著 |
| 801 | 0 | @aCN@bNLC@c20090918 |
| 905 | @aBZT@dG812.9@e3 | |
| 906 | @dCNY748.00(全套)@n0@r1 | |
| 920 | @a231010@z1 | |
| 920 | @a231220@z2 | |
| 920 | @a244010@z1 | |
| 920 | @a251010@z1 | |
| 998 | @aFDU | |
| 体育史话/崔乐泉著.-北京:中国大百科全书出版社,2003.01 |
| 192页:插图;19cm.-(中华文明史话) |
| 本丛书列入“九五”国家重点图书规划 |
| ISBN 7-5000-6338-5:CNY14.96 |
| ● |
| 相关链接 |
|
|
|
正题名:体育史话
索取号:G812.9/3
 
预约/预借
| 序号 | 登录号 | 条形码 | 馆藏地/架位号 | 状态 | 备注 |
| 1 | 404536 | 210335617 | 中心书库北库/ 北库026架B面1列4层6/ [索取号:G812.9/3] | 在馆 | |
| 2 | 404537 | 210335591 | 中心书库北库/ 北库026架B面1列4层1/ [索取号:G812.9/3] | 在馆 | |
| 3 | 404538 | 210335582 | 中心书库北库/ 北库026架B面1列4层7/ [索取号:G812.9/3] | 在馆 | |
| 4 | 404539 | 210335573 | 中心书库北库/ 北库026架B面1列4层8/ [索取号:G812.9/3] | 在馆 | |
| 5 | 404540 | 210335564 | 中心书库北库/ 北库026架B面1列4层9/ [索取号:G812.9/3] | 在馆 | |
| 6 | 404541 | 210335555 | 中心书库北库/ 北库026架B面1列4层10/ [索取号:G812.9/3] | 在馆 | |
| 7 | 404542 | 210335546 | 中心书库北库/ 北库026架B面1列4层2/ [索取号:G812.9/3] | 在馆 | |
| 8 | 404543 | 210335537 | 中心书库北库/ 北库026架B面1列4层3/ [索取号:G812.9/3] | 在馆 | |
| 9 | 404544 | 210325968 | 中心书库北库/ 北库026架B面1列4层5/ [索取号:G812.9/3] | 在馆 | |
| 10 | 404545 | 210325940 | 中心书库北库/ 北库026架B面1列4层4/ [索取号:G812.9/3] | 在馆 |